000
00266nam a2200097Ia 4500
001
794269
005
20250826170705.0
008
250824s9999 xx 000 0 und d
245
0
_a
SELÇUKLU DÖNEMİ MUTFAĞI
_c
NEVİN HALICI
260
_b
SELÇUKLU BELEDİYESİ YAYINLARI
999
_c
794269
_d
794269